000 00787nam a22002057a 4500
005 20100804140630.0
010 _aENG-98049
020 _a9788170392668
_c500.00
035 _aEN-81582
037 _bDBAD/PUB
082 _a250
245 _aPratityasamutpada - dependent origination /
_cedited by Kalpakam Sankarnarayan [and] Parineeta Deshpande
260 _aMumbai
_bSomaiya Publications
_c2007
270 _a3rd Floor, Mangement Institute Building, Somaiya Vidhyavihar Campus, Vidyavihar
_bMumbai
_e400077
300 _alvii,179p.
_c24cm (Hb)
650 _aPratityasamutpada
_96060
700 _aDeshpande, Parineeta
_96061
942 _2ddc
_cEN
_h250
_mPRA
999 _c39236
_d39236